| 000 | nam a22 7a 4500 | ||
|---|---|---|---|
| 999 |
_c27859 _d27859 |
||
| 008 | 170211b xxu||||| |||| 00| 0 eng d | ||
| 020 | _a9780030976018 | ||
| 050 | _aHF5415 .B66 1995 | ||
| 100 | _aBoone,Louis E. | ||
| 245 |
_aContemporary marketing : _bplus / _cLouis E Boone; David L Kurtz |
||
| 250 | _a8th ed. | ||
| 260 |
_aFort Worth : _bDryden Press, _c ©1995. |
||
| 300 |
_axxxii,737p. : _bill. ; _c28cm |
||
| 500 | _aincludes index. | ||
| 650 | _a Marketing. | ||
| 700 | _aKurtz,David L. | ||
| 942 |
_2lcc _cBOOKS _hHF5415 .B66 1995 |
||